Normal view
MARC view
- Information warfare
Entry Topical Term
001 - CONTROL NUMBER
- control field: 55981
003 - CONTROL NUMBER IDENTIFIER
- control field: NUST
005 - DATE AND TIME OF LATEST TRANSACTION
- control field: 20210628201610.0
008 - FIXED-LENGTH DATA ELEMENTS
- fixed length control field: 210628|| aca||aabn | a|a d
040 ## - CATALOGING SOURCE
- Original cataloging agency: NUST
- Transcribing agency: NUST
150 ## - HEADING--TOPICAL TERM
- Topical term or geographic name entry element: Information warfare
- Geographic subdivision: India
670 ## - SOURCE DATA FOUND
- Source citation: Work cat.: (NUST): Yamin, Tughral, author. 1533, Cyberspace CBMs between Pakistan and India /
